00362pab a2200121 454500008004000000100001900040245009600059260000900155300001300164362000800177650002000185773003500205180718b2001 xxu||||| |||| 00| 0 eng d aToner, Phillip aHistory versus equilibrium and the theory of economic growth by Mark Setterfield: a comment c2001 ap.97-102 aJan aEconomic growth aCambridge Journal of Economics